000
00297nam a22000977a 4500
005
20250901165547.0
008
210907b |||||||| |||| 00| 0 eng d
050
_a
HM24 .G68 1971
245
_a
The coming crisis of Western sociology
_c
Gouldner, alvin W.
942
_2
lcc
_h
HM24 .G68 1971
999
_c
5856
_d
5856